Analýza výkonnosti dôchodkových fondov na Slovensku

Nepriaznivý demografický vývoj na Slovensku viedol k dôchodkovej reforme, ktorej výsledkom bolo zavedenie kapitalizačného piliera. V rámci neho boli zriadené tri typy fondov s rôznym rizikovým profilom. Globálna finančná kríza a neustále politické tlaky však viedli k deformácii druhého piliera, ktor...

Descrizione completa

Salvato in:
Dettagli Bibliografici
Autore principale: Árendáš, Peter, 1986-
Natura: Capitolo di libro
Lingua:slovacco
Soggetti:
Tags: Aggiungi Tag
Nessun Tag, puoi essere il primo ad aggiungerne!!

MARC

LEADER 00000nla a2200000 4500
001 0156752
005 20240502072734.0
041 0 |a slo 
044 |a SK 
245 1 0 |a Analýza výkonnosti dôchodkových fondov na Slovensku  |c Peter Árendáš 
520 |a Nepriaznivý demografický vývoj na Slovensku viedol k dôchodkovej reforme, ktorej výsledkom bolo zavedenie kapitalizačného piliera. V rámci neho boli zriadené tri typy fondov s rôznym rizikovým profilom. Globálna finančná kríza a neustále politické tlaky však viedli k deformácii druhého piliera, ktorý v súčasnosti neplní svoju funkciu tak ako by mal. Príspevok analyzuje výkonnosť dôchodkových fondov kapitalizačného piliera a dôvody jeho kontroverzných výsledkov. 
610 2 0 |a reformy dôchodkové 
610 2 0 |a fondy penzijné 
610 2 0 |a kríza finančná 
100 1 |a Árendáš, Peter, 1986-